Cereal Boxes Close-Up Quiz Stats

Quiz Updated Jul 16, 2013

Also try: Cereal in Milk!
Challenge
Share
Tweet
Score 0/25 Timer 05:00
8 Plays Today
No. Cereal % Correct
Special K
95.9%
Lucky Charms
95.6%
Cheerios
94.4%
Trix
89.7%
Cap'n Crunch
89.2%
Froot Loops
86.4%
Apple Jacks
86.1%
Rice Krispies
85.5%
Kix
84.8%
Raisin Bran
83.9%
Fruity Pebbles
83%
Wheaties
82.1%
Honey Nut Cheerios
80.9%
No. Cereal % Correct
Cocoa Puffs
77%
Cookie Crisp
73.7%
Count Chocula
73.4%
Cinnamon Toast Crunch
72.9%
Corn Pops
65.6%
Cream of Wheat
60.1%
Golden Grahams
51.9%
Honey Bunches of Oats
50.4%
Honey Smacks
48.3%
Alpha Bits
42%
Frankenberry
24.9%
Quisp
11.1%

You're not logged in!

Compare scores with friends on all Sporcle quizzes.
Sign Up with Email
OR
Log In

You Might Also Like...

Show Comments

Extras

Top Quizzes Today


Score Distribution

Your Account Isn't Verified!

In order to create a playlist on Sporcle, you need to verify the email address you used during registration. Go to your Sporcle Settings to finish the process.